La civilisation espagnole d'aujourd'hui (notice n° 1925094)

détails MARC
000 -LEADER
fixed length control field 00837cam a2200133 4500500
005 - DATE AND TIME OF LATEST TRANSACTION
control field 20260329023141.0
041 ## - LANGUAGE CODE
Language code of text/sound track or separate title fre
042 ## - AUTHENTICATION CODE
Authentication code dc
100 10 - MAIN ENTRY--PERSONAL NAME
Personal name Ferreras, Jacqueline
Relator term author
245 00 - TITLE STATEMENT
Title La civilisation espagnole d'aujourd'hui
260 ## - PUBLICATION, DISTRIBUTION, ETC.
Name of publisher, distributor, etc. Armand Colin,<br/>
Date of publication, distribution, etc. 2010.<br/>
520 ## - SUMMARY, ETC.
Summary, etc. Des clés pour comprendre les caractéristiques actuelles de l’Espagne, privilégiant l’approche politique, économique et sociale. L’ouvrage met en relief les éléments qui ont présidé au passage réussi d’un régime dictatorial à un régime démocratique. Cette édition prend en compte les fractures qui traversent actuellement la société : bulle puis crise économique, autonomisme régional.
856 41 - ELECTRONIC LOCATION AND ACCESS
Uniform Resource Identifier <a href="https://shs.cairn.info/la-civilisation-espagnole-d-aujourd-hui--9782200246303?lang=fr&redirect-ssocas=7080">https://shs.cairn.info/la-civilisation-espagnole-d-aujourd-hui--9782200246303?lang=fr&redirect-ssocas=7080</a>

Pas d'exemplaire disponible.

PLUDOC

PLUDOC est la plateforme unique et centralisée de gestion des bibliothèques physiques et numériques de Guinée administré par le CEDUST. Elle est la plus grande base de données de ressources documentaires pour les Étudiants, Enseignants chercheurs et Chercheurs de Guinée.

Adresse

627 919 101/664 919 101

25 boulevard du commerce
Kaloum, Conakry, Guinée

Réseaux sociaux

Powered by Netsen Group @ 2025